LEADER 00573nab a2200157 i 4500 001 000000270200 003 CaOOAMICUS 005 20090108000000.0 008 090108n xx uu u0 0und r 013 $a16393 040 $aSeMil$bita 245 10$a[SENZA TITOLO]. - Contiene :$bBulletin d'islamologie 3. 500 $aJUILLET-SEPTEMBRE 2008. 773 0 $t[2008 : Juillet-Décembre].$dToulouse : École de Théologie, 2008.$w()176982 774 0 $tBulletin d'islamologie 3.$w()306174 996 $6245$a[SENZA TITOLO]. - Contiene :$bBulletin d'islamologie 3.$9(OLS)http://semarc/title/359386 LEADER 00827nam a2200217 i 4500 001 000000128165 003 CaOOAMICUS 005 20040719000000.0 008 040719s1966 it u000 u ita u 013 $a100887 040 $aSeMil$bita 245 10$aMedardo Rosso. 260 $aMilano :$bFratelli Fabbri Editori,$ccopyr. 1966. 300 $a1 fasc. :$bill., tav. ;$c36 cm. 490 0 $aI maestri della scultura ;$v3.[1] 650 4$aRosso, Medardo.$0(OLS)http://semarc/subject/16854 830 2$aI maestri della scultura ;$v3.[1].$0(OLS)http://semarc/title/15794 850 $aSeMil 852 $aSeMil$W1$xVenegono$y1$m5J VII 1/3$j82395$B82395$CSeMilBibl$Z2$F84711 $81 996 $6245$aMedardo Rosso$9(OLS)http://semarc/title/189377 996 $6260$aMilano :$bFratelli Fabbri Editori$9(OLS)http://semarc/publisher/29845